000 00533nam a2200181Ia 4500
008 131103s9999 xx 000 0 und d
040 _aLoreto College
041 _aEnglish
082 _a922/FRA
_bLCLIB
245 _aPier Giorgio Frassati 1901 - 1925
_cTranslated & adapted by H L Hughes
260 _aLondon
_bBurns Oates & Washbourne
_c1933
300 _axi,124p.
_b ill.
_c 20cm.
650 _aFrassati, Pier giorgio 1901 - 1925
651 _aBiography
700 _aHughes, H L;tr.
850 _aLCLIB/922/FRA
942 _cBK
999 _c25451
_d75930